000 00818nab a2200241 u 4500
001 19573
003 HDC
007 cr bn ---aaaaa
008 210302c mydr|noo 0 a eng d
040 _aHDC
100 _aHayhurst, David
_eauthor
_917979
245 0 _aFrance: Halal beauty products - growth in France
_cby David Hayhurst
260 _a[No place] :
_b[publisher not identified],
_c2012
336 _atext
_2rdacontent
337 _acomputer
_2rdamedia
338 _aonline resource
_2rdacarrier
650 _aHalal industry
_9144
650 _aPersonal Care
_96084
856 _zRequest full-text at [email protected]
942 _2lcc
942 _cNEWS
942 _kNWSO 008995
999 _c16889
_d16889